000 00414nam a2200181Ia 4500
001 7532
005 20260306160502.0
008 260306t2006||||xx |||||||||||||| ||spa||
041 _aESP
082 _a339.2
_bT67
100 _aToffler, Alvin
_eAUT
245 0 _aLa revolución de la riqueza
260 _c2006
300 _a650 pƔginas :
_ccm.
650 _aGEN
654 _aCAN
942 _cLIB
_dJUS
_fJUS
_2ddc
_n
999 _c7532
_d7532